| 000 | 00591nam a2200133 a 4500 | ||
|---|---|---|---|
| 040 | _cDLC | ||
| 082 | 0 | 0 | _a363 MIN 1979 A072 Or. |
| 245 | 0 | 0 |
_a1974 population and housing census of Liberia : _bhousing characteristics of major areas, Liberia and major administrative divisions HC-1 : data on households by socio-economic characteristics, households by civic amenities, structures by building material and type. |
| 260 |
_aMonrovia, Liberia : _bMinistry of Planning and Economic Affairs, _c1979. |
||
| 300 |
_a129 p. : _bill. ; _c28 cm. |
||
| 650 | 0 | _aHousing | |
| 710 | 1 | _aLiberia. | |
| 942 | _cEK | ||
| 999 |
_c14960 _d14960 |
||